Still Life : Still Life Painting in the Early Modern Period /

Ensayo crítico que pone de manifiesto la relación entre arte y sociedad, a partir del análisis de la forma como la vida cotidiana se refleja en las pinturas de naturaleza muerte producidas desde fines de la Edad Media hasta el siglo XVII, período de apogeo del género.

-д хадгалсан:
Номзүйн дэлгэрэнгүй
Үндсэн зохиолч: Schneider, Norbert (autor)
Формат: Ном
Хэл сонгох:англи
Хэвлэсэн: Colonia, Alemania : Taschen, 1999, c1999
Нөхцлүүд:
Шошгууд: Шошго нэмэх
Шошго байхгүй, Энэхүү баримтыг шошголох эхний хүн болох!

MARC

LEADER 00000nam^a2200000^a^4500
001 000159905
005 20250521000000.0
009 20260310100706.132
020 |a 3-8228-6523-0 
037 |a Acervo ITESO - Biblioteca 
041 |a ING 
082 |a 758. 4  |b SCH 
100 |a Schneider, Norbert  |e (autor) 
245 1 0 |a Still Life :  |b Still Life Painting in the Early Modern Period /  |c N. Schneider. 
264 4 |a Colonia, Alemania :  |b Taschen,  |c 1999, c1999 
300 |a 215 p. 
336 |a texto  |b txt  |2 rdacontenido 
337 |a sin mediación  |b n  |2 rdamedio 
338 |a volumen  |b nc  |2 rdasoporte 
520 |a Ensayo crítico que pone de manifiesto la relación entre arte y sociedad, a partir del análisis de la forma como la vida cotidiana se refleja en las pinturas de naturaleza muerte producidas desde fines de la Edad Media hasta el siglo XVII, período de apogeo del género. 
649 |a XX 
650 |a Naturaleza Muerta 
650 |a Vida Cotidiana en la Pintura -  |x Historia y Crítica 
650 |a Vida Cotidiana en el Arte -  |x Historia y Crítica 
650 |a Pintura -  |y Siglo XVI 
650 |a Pintura -  |y Siglo XVII 
650 |a Pintura Renacentista -  |x Historia y Crítica 
650 |a Pintura Barroca -  |x Historia y Crítica 
650 |a Pintura -  |x Historia y Crítica 
650 |a Arte -  |y Siglo XVI 
650 |a Arte -  |y Siglo XVII 
650 |a Arte Renacentista -  |x Historia y Crítica 
650 |a Arte Barroco -  |x Historia y Crítica 
650 |a Arte -  |x Historia y Crítica 
650 |a Arte y Sociedad -  |x Historia y Crítica 
910 |a Fondo General 
920 |a Impresos - Libros 
930 |a Reserva Especial 
905 |a 103 
901 |a 0500091539  |b IT1  |c REE  |u 20250521 
902 |a https://opac.biblio.iteso.mx/vufind/Record/000159905